000 00468nam a2200181Ia 4500
003 IT-RoPAU
005 20220918175329.0
008 120407s9999 xx 000 0 und d
040 _aIT-RoPAU
040 _cIT-RoPAU
100 _aRené Laurentin
_913245
245 _aLa Chiesa oltre la crisi
260 _bEdizioni Paoline
300 _c cm
490 _v1
500 _aTitolo originale: Eglise qui vient au-delà des crises, Desclée, 1989
942 _cBK
_2ddc
999 _c4440
_d4440